000 00593nam a22002417a 4500
003 UA-OsUOA
001 22732
007 ta
008 20031224b un ||||| |||| 00| 0 ukr d
100 _aКрывелев И. А.
090 _a211
_bК85
942 _cBK
040 _aUA-OsUOA
_brus
_cUA-OsUOA
_dUA-OsUOA
245 _aЧто знает история об Иисусе Христе?
300 _a300 с.
955 _a0
041 _arus
080 _a211
260 _aМосква
_bСоветская Россия
_c1969
044 _aRU
650 7 _2UDC
999 _c308960
_d308960